| 000 | 00713nam a2200181 i 4500 | ||
|---|---|---|---|
| 001 | 141332 | ||
| 003 | ES-MaACL | ||
| 007 | t| | ||
| 008 | 070921q1948 sp ||||1| spa d | ||
| 080 | _a35(460).077.3 | ||
| 100 | 1 |
_aVillar y Romero, José María. _9115107 |
|
| 245 | 1 | 0 |
_aDerecho procesal administrativo _b: procedimiento administrativo . Recursos de agravios y procedimiento contencioso-administrativo / _cJosé María Villar y Romero. |
| 250 | _a2ª ed. corr. y aum. | ||
| 260 |
_aMadrid : _bRevista de Derecho Privado, _c[1948?] ( _fGráfs. González) |
||
| 300 |
_aXXIII, 549 p. ; _c22 cm. |
||
| 650 | 1 | 4 |
_aProcedimiento contencioso administrativo- _zEspaña. _916424 |
| 852 |
_aES-MaACL _jE-806 _bR.37076 |
||
| 999 |
_c141332 _d141332 |
||